LDR 01368naa#a2200253#i#450# 001 RU\\bibl\125349 005 20260630081142.2 011 ## _a2077-7566 100 ## _a20260629b2026####ek#y0rusy0150####ca 101 0# _aRUS 102 ## _aRU 200 1# _aМОРФОМЕТРИЧЕСКАЯ И РЕНТГЕНОЛОГИЧЕСКАЯ ОЦЕНКА РЕПАРАТИВНОГО ОСТЕОГЕНЕЗА В ЗАВИСИМОСТИ ОТ СОСТАВА ОСТЕОПЛАСТИЧЕСКОГО МАТЕРИАЛА ПРИ ОТКРЫТОМ СИНУС-ЛИФТИНГЕ _eЖурнальная статья 210 1# _aЕкатеринбург _cИздательский Дом «ТИРАЖ» _d2026 215 ## _a7 с. 608 ## _aЖурнальная статья _2local 675 ## _aСтоматология. Заболевания ротовой полости и зубов. 616.31 _zRUS 700 #1 _aЧередников _gСергей Михайлович 700 #1 _aБрайловская _gТатьяна Владиславовна 700 #1 _aЗайцева _gЛидия Николаевна 700 #1 _aПетрушина _gЕкатерина Михайловна 700 #1 _aВолошина _gОльга Алексеевна 700 #1 _aМарченко _gСветлана Васильевна 700 #1 _aШарова _gСвелана Алексеевна 856 4# _adental-press.ru _u